European Integration Online Papers (Registro nro. 160413)
[ vista simple ]
| 000 -LEADER | |
|---|---|
| fixed length control field | 00832ny a22002293n 4500 |
| 008 - FIXED-LENGTH DATA ELEMENTS--GENERAL INFORMATION | |
| fixed length control field | 070206s19uu9999xx r p s 0 a0eng d |
| 022 ## - | |
| -- | 1027-5193 |
| 035 ## - | |
| -- | 5198 |
| 040 ## - CATALOGING SOURCE | |
| Original cataloging agency | BUS |
| Modifying agency | vLex |
| 090 ## - | |
| -- | 1964 |
| -- | 1964 |
| 245 3# - TITLE STATEMENT | |
| Title | European Integration Online Papers |
| Medium | [Recurso electrónico] |
| 256 ## - | |
| -- | Servicio en línea |
| 260 ## - PUBLICATION, DISTRIBUTION, ETC. (IMPRINT) | |
| Place of publication, distribution, etc | [s.l]: |
| Name of publisher, distributor, etc | ECSA-Austria |
| 506 1# - RESTRICTIONS ON ACCESS NOTE | |
| Terms governing access | Contenido solo disponible en los productos indicados |
| Authorized users | vLex Global |
| -- | vLex Global (Academic Edition, excluding Law Schools) |
| -- | vLex Global (U.S. Academic Edition, excluding Law Schools) |
| 650 04 - SUBJECT ADDED ENTRY--TOPICAL TERM | |
| Topical term or geographic name as entry element | Ciencia Política |
| 740 ## - | |
| -- | vLex Revista (Servicios en línea) |
| 843 ## - | |
| -- | Electrónica. Abierta |
| 853 ## - | |
| -- | 1 |
| -- | (year) |
| -- | (month) |
| -- | (day) |
| 856 40 - LOCALIZACIÓN Y ACCESO ELECTRÓNICO | |
| Identificador Uniforme del Recurso (URI/URL) | http://vlex.com/account/login_ip?fuente_id=5198 |
| 942 ## - | |
| -- | RAA |
| 999 ## - | |
| -- | 160413 |
| -- | 160413 |
No hay ítems disponibles.